00911nam a2200193 a 450000100100000000500170001000800410002702000150006804000250008324500280010824600470013626000420018330000270022558601170025295201190036995201040048895201100059299900150070200000796620200929154354.0090914s2006 dr a 000 0 spa d a9993622827 aDO-SdBNPbspacBNPHU00aIlusiones infantiles /.14aIlusiones infantiles :bpor nuestro país aSanto Domingo :bNuevo Diario,c2006. a92 p. :bil. ;c23 cm. aPremio Poesía y cuentos "Virginia Ortea" y poesía patríotica "General Gregorio Luperón " año 2005-2006 001054708DSaGRbGRcHDd2015-02-19iLF1l0o p7966-40r2020-06-25te. 4w2020-06-25yLFDSZPréstamo en sala 0010718PDaPDbPDcHDd2009-09-14iLF1l0o p7966-10r2020-06-25w2020-06-25yLFPDZNo se presta 0010718PDaPDbPDcHDd2009-09-14iLF1l0o p7966-20r2020-06-25te. 2w2020-06-25yLFPDZNo se presta c7744d7744